[Event "Bird for Masternorm (1800+)"]
[Site "SchemingMind.com"]
[Date "2019.04.29"]
[Round "-"]
[White "flyinduck"]
[Black "Robert Hatfield"]
[Result "1-0"]
[WhiteCountry "CAN"]
[BlackCountry "USA"]
[WhiteElo "2075"]
[WhiteRD "61"]
[BlackElo "1885"]
[BlackRD "67"]
[GameID "440721"]

1. f4 e5 2. fxe5 d6 3. exd6 Bxd6 4. Nf3 Nf6 5. Nc3 O-O 6. e3 Bg4 7. Be2 Nc6 8. O-O Qd7 9. d4 Rfe8 10. Bd2 Rad8
11. Qe1 Bxf3 12. gxf3 Nb4 13. Rc1 c5 14. a3 cxd4 15. axb4 dxc3 16. Bxc3 Qh3 17. Qf2 Rxe3 18. Rce1 Nd5 19. Bd2 Re6 20. Bd3 Nxb4
21. Rxe6 Qxe6 22. Qh4 Bc5+ 23. Kh1 Rxd3 24. cxd3 Nc6 25. Re1 Qd7 26. Qe4 h6 27. Qe8+ Qxe8 28. Rxe8+ Kh7 29. Rc8 Bb6 30. Bc3 Kg6
31. Kg2 f6 32. f4 Kf5 33. Kf3 Nd4+ 34. Bxd4 Bxd4 35. b3 g6 36. Rd8 Bg1 37. h3 b6 38. d4 a5 39. d5 Bc5 40. d6 Ke6
41. d7 Ke7 42. Rg8 Kxd7 43. Rxg6 Ke6 44. Rxh6 Kf5 45. Rh5+ Kg6 46. Kg4 Be3 47. Rd5
1-0

[Event "Bird for Masternorm (1800+)"]
[Site "SchemingMind.com"]
[Date "2019.08.07"]
[Round "-"]
[White "flyinduck"]
[Black "Matthew Bailey"]
[Result "0-1"]
[WhiteCountry "CAN"]
[BlackCountry "ENG"]
[WhiteElo "2047"]
[WhiteRD "63"]
[BlackElo "2232"]
[BlackRD "65"]
[GameID "444476"]

1. f4 e5 2. e4 exf4 3. Nf3 g5 4. Nc3 g4 5. Ne5 h5 6. Bc4 Qh4+ 7. Kf1 Rh7 8. d4 f3 9. gxf3 d6 10. Nd5 Kd8
11. Nd3 gxf3 12. Qxf3 Bh3+
0-1

[Event "Bird for Masternorm (1800+)"]
[Site "SchemingMind.com"]
[Date "2019.08.07"]
[Round "-"]
[White "Matthew Bailey"]
[Black "flyinduck"]
[Result "1-0"]
[WhiteCountry "ENG"]
[BlackCountry "CAN"]
[WhiteElo "2232"]
[WhiteRD "65"]
[BlackElo "2047"]
[BlackRD "63"]
[GameID "444477"]

1. f4 e5 2. fxe5 d6 3. Nf3 dxe5 4. Nxe5 Bd6 5. Nf3 Nf6 6. g3 h5 7. d4 h4 8. gxh4 Nc6 9. Bg5 Bg4 10. Nbd2 Qd7
11. c3 O-O-O 12. Qa4 Rde8 13. Bxf6 gxf6 14. O-O-O Kb8 15. Kb1 Rh5 16. Rg1 Ra5 17. Qc2 f5 18. Nc4 Ra6 19. h3 Bh5 20. Rg5 Bg6
21. h5 Bh7 22. Rg7 Rh8 23. e3 Bf8 24. Rxh7 Rxh7 25. Nce5 Nxe5 26. dxe5 Qc8 27. Bxa6 bxa6 28. Qb3+ Ka8 29. Qd5+ c6 30. Qd8 Kb7
31. Rd7+
1-0

[Event "Bird for Masternorm (1800+)"]
[Site "SchemingMind.com"]
[Date "2019.08.06"]
[Round "-"]
[White "Robert Hatfield"]
[Black "Matthew Bailey"]
[Result "0-1"]
[WhiteCountry "USA"]
[BlackCountry "ENG"]
[WhiteElo "1893"]
[WhiteRD "66"]
[BlackElo "2232"]
[BlackRD "65"]
[GameID "444478"]

1. f4 e5 2. fxe5 d6 3. exd6 Bxd6 4. Nf3 Nf6 5. Nc3 O-O 6. e3 c5 7. Bd3 Nc6 8. Ne4 Nb4 9. Nxf6+ Qxf6 10. O-O Nxd3
11. cxd3 Bg4 12. Qe1 Qh6 13. Qf2 Bxf3 14. gxf3 Rfd8 15. f4 Be7 16. b4 cxb4 17. Bb2 Rxd3 18. Kh1 Rad8 19. Bxg7 Qc6+
0-1

[Event "Bird for Masternorm (1800+)"]
[Site "SchemingMind.com"]
[Date "2019.08.06"]
[Round "-"]
[White "Matthew Bailey"]
[Black "Robert Hatfield"]
[Result "1-0"]
[WhiteCountry "ENG"]
[BlackCountry "USA"]
[WhiteElo "2232"]
[WhiteRD "65"]
[BlackElo "1893"]
[BlackRD "66"]
[GameID "444479"]

1. f4 e5 2. fxe5 d6 3. Nf3 dxe5 4. Nxe5 Bd6 5. Nf3 g5 6. g3 g4 7. Nh4 Be6 8. Bg2 c6 9. O-O Ne7 10. d4 Qc7
11. Nc3 Nd7 12. Ne4 Rd8 13. Bh6 Rg8 14. Qd2 Ng6 15. Nf5 Bf8 16. Bxf8 Ngxf8 17. Ned6+
1-0

[Event "Bird for Masternorm (1800+)"]
[Site "SchemingMind.com"]
[Date "2019.08.19"]
[Round "-"]
[White "flyinduck"]
[Black "Mihir Chandrashekhar"]
[Result "1-0"]
[WhiteCountry "CAN"]
[BlackCountry "IND"]
[WhiteElo "2024"]
[WhiteRD "70"]
[BlackElo "1994"]
[BlackRD "58"]
[GameID "444920"]

1. f4 e5 2. e4 exf4 3. Nf3 g5 4. Nc3 Nc6 5. g3 g4 6. Nh4 f3 7. d4 d6 8. Be3 Be7 9. Qd2 Nf6 10. O-O-O d5
11. Bd3 dxe4 12. Nxe4 Nxe4 13. Bxe4 Bxh4 14. gxh4 f5 15. Bxc6+ bxc6 16. Bg5 Qd5 17. Qb4
1-0

[Event "Bird for Masternorm (1800+)"]
[Site "SchemingMind.com"]
[Date "2019.08.19"]
[Round "-"]
[White "Mihir Chandrashekhar"]
[Black "flyinduck"]
[Result "1-0"]
[WhiteCountry "IND"]
[BlackCountry "CAN"]
[WhiteElo "1994"]
[WhiteRD "58"]
[BlackElo "2024"]
[BlackRD "70"]
[GameID "444921"]

1. f4 e5 2. fxe5 d6 3. exd6 Bxd6 4. Nf3 Nf6 5. e3 Ng4 6. d4 Nxh2 7. Nxh2 Qh4+ 8. g3 Bxg3+ 9. Kd2 O-O 10. Bd3 Bxh2
11. Qe2 Bg4 12. Qxh2 Qxh2+ 13. Rxh2 h5 14. Nc3 Nc6 15. a3 Rad8 16. b4 g5 17. Ne4 f6 18. Bb2 Kf7 19. Rf1 Kg7 20. Nxf6
1-0

[Event "Bird for Masternorm (1800+)"]
[Site "SchemingMind.com"]
[Date "2019.08.22"]
[Round "-"]
[White "Robert Hatfield"]
[Black "Mihir Chandrashekhar"]
[Result "0-1"]
[WhiteCountry "USA"]
[BlackCountry "IND"]
[WhiteElo "1911"]
[WhiteRD "71"]
[BlackElo "1994"]
[BlackRD "58"]
[GameID "444922"]

1. f4 e5 2. fxe5 d6 3. exd6 Bxd6 4. Nf3 Nf6 5. d4 O-O 6. Bg5 Re8 7. Nbd2 h6 8. Bh4 c5 9. c3 cxd4 10. cxd4 Nc6
11. Rc1 Nb4 12. Rc3 Nxa2 13. Bxf6 Nxc3 14. Bxd8 Nxd1 15. Kxd1 Rxd8 16. e4 Bg4 17. Bd3 Bb4
0-1

[Event "Bird for Masternorm (1800+)"]
[Site "SchemingMind.com"]
[Date "2019.08.19"]
[Round "-"]
[White "Mihir Chandrashekhar"]
[Black "Robert Hatfield"]
[Result "1-0"]
[WhiteCountry "IND"]
[BlackCountry "USA"]
[WhiteElo "1994"]
[WhiteRD "58"]
[BlackElo "1911"]
[BlackRD "71"]
[GameID "444923"]

1. f4 e5 2. fxe5 d6 3. exd6 Bxd6 4. Nf3 Bg4 5. e3 Nc6 6. d4 Qf6 7. Bb5 Kf8 8. Bxc6 bxc6 9. Nc3 Re8 10. O-O Qg6
11. e4 h5 12. e5 Bb4 13. Ne2 Nh6 14. Nf4 Qh7 15. Qd3 Bxf3 16. Rxf3 Nf5 17. c3 Nh4 18. Qxh7 Nxf3+ 19. gxf3 Rxh7 20. cxb4 g5
21. Nd3 g4 22. fxg4 hxg4 23. Bf4 Rd8 24. Be3 Kg7 25. Rc1 Rh3 26. Re1 f6 27. Nf4 Rf3 28. Ne6+
1-0

[Event "Bird for Masternorm (1800+)"]
[Site "SchemingMind.com"]
[Date "2019.08.19"]
[Round "-"]
[White "Mihir Chandrashekhar"]
[Black "Matthew Bailey"]
[Result "0-1"]
[WhiteCountry "IND"]
[BlackCountry "ENG"]
[WhiteElo "1997"]
[WhiteRD "54"]
[BlackElo "2279"]
[BlackRD "59"]
[GameID "444926"]

1. f4 e5 2. fxe5 d6 3. exd6 Bxd6 4. Nf3 Nf6 5. g3 O-O 6. Bg2 c5 7. O-O Nc6 8. d3 Bg4 9. Na3 h6 10. Nc4 Re8
11. Nxd6 Qxd6 12. Bf4 Qe6 13. e4 Rad8 14. Qe1 c4 15. Qc3 cxd3 16. cxd3 Rd7 17. Rae1 Red8 18. d4 Nxd4 19. Nxd4 Rxd4 20. e5 Nh7
21. a3 Ng5 22. Bxg5 hxg5 23. Qe3 Qe7 24. h3 Be6 25. g4 Bc4 26. Rf5 Rd2 27. b4 R8d3 28. Qc5 Qe6 29. Rf2 b6 30. Qc6 Qxc6
31. Bxc6 Rg3+
0-1

[Event "Bird for Masternorm (1800+)"]
[Site "SchemingMind.com"]
[Date "2019.08.19"]
[Round "-"]
[White "Matthew Bailey"]
[Black "Mihir Chandrashekhar"]
[Result "1-0"]
[WhiteCountry "ENG"]
[BlackCountry "IND"]
[WhiteElo "2279"]
[WhiteRD "59"]
[BlackElo "1997"]
[BlackRD "54"]
[GameID "444927"]

1. f4 e5 2. fxe5 d6 3. Nf3 dxe5 4. Nxe5 Bd6 5. Nf3 g5 6. g3 g4 7. Nh4 Ne7 8. d4 Ng6 9. Nxg6 hxg6 10. Qd3 Bf5
11. e4 Qe7 12. Bg2 c6 13. Nc3 Nd7 14. Be3 Be6 15. O-O-O f5 16. Qd2 Nb6 17. Bg5
1-0

[Event "Bird for Masternorm (1800+)"]
[Site "SchemingMind.com"]
[Date "2019.09.08"]
[Round "-"]
[White "Robert Bruce"]
[Black "flyinduck"]
[Result "1-0"]
[WhiteCountry "SCO"]
[BlackCountry "CAN"]
[WhiteElo "2443"]
[WhiteRD "66"]
[BlackElo "2024"]
[BlackRD "70"]
[GameID "445443"]

1. f4 e5 2. fxe5 d6 3. exd6 Bxd6 4. Nf3 Nf6 5. d4 Ng4 6. Qd3 O-O 7. Bg5 f6 8. Bh4 Nc6 9. h3 Nh6 10. e4 Be6
11. Nc3 g5 12. Bf2 Nb4 13. Qd2 Bf4 14. Qd1 g4 15. g3 Bd6 16. hxg4 Nxg4 17. a3 Nxf2 18. Kxf2 f5 19. e5 f4 20. Bh3 fxg3+
21. Kg2 Bxh3+ 22. Rxh3
1-0

[Event "Bird for Masternorm (1800+)"]
[Site "SchemingMind.com"]
[Date "2019.09.08"]
[Round "-"]
[White "flyinduck"]
[Black "Robert Bruce"]
[Result "0-1"]
[WhiteCountry "CAN"]
[BlackCountry "SCO"]
[WhiteElo "2024"]
[WhiteRD "70"]
[BlackElo "2443"]
[BlackRD "66"]
[GameID "445444"]

1. f4 e5 2. e4 exf4 3. Bc4 d5 4. Bxd5 Qh4+ 5. Kf1 g5 6. Nf3 Qh5 7. Bc4 g4 8. Ng1 Be6 9. Bxe6 fxe6 10. d4 Nc6
11. Bxf4 O-O-O 12. Ne2 e5 13. Bg3 Nf6 14. d5 Nxe4 15. Nbc3 Qf5+ 16. Ke1 Nb4 17. Rf1 Qg6
0-1

[Event "Bird for Masternorm (1800+)"]
[Site "SchemingMind.com"]
[Date "2019.09.08"]
[Round "-"]
[White "Robert Bruce"]
[Black "Robert Hatfield"]
[Result "1-0"]
[WhiteCountry "SCO"]
[BlackCountry "USA"]
[WhiteElo "2443"]
[WhiteRD "66"]
[BlackElo "1911"]
[BlackRD "71"]
[GameID "445445"]

1. f4 e5 2. d3 exf4 3. Bxf4 d5 4. Nc3 Nf6 5. e4 d4 6. Nb5 Na6 7. Nf3 c5 8. c3 Qa5 9. a4 dxc3 10. bxc3 Be7
11. Be2 O-O 12. O-O Bd7 13. Rb1 Rfc8 14. Ne5 Bc6 15. Qb3 c4 16. Nxc4 Qd8 17. Ncd6 Bxd6 18. Nxd6 Nc5 19. Qxf7+
1-0

[Event "Bird for Masternorm (1800+)"]
[Site "SchemingMind.com"]
[Date "2019.09.08"]
[Round "-"]
[White "Robert Hatfield"]
[Black "Robert Bruce"]
[Result "0-1"]
[WhiteCountry "USA"]
[BlackCountry "SCO"]
[WhiteElo "1911"]
[WhiteRD "71"]
[BlackElo "2443"]
[BlackRD "66"]
[GameID "445446"]

1. f4 e5 2. e4 d5 3. exd5 e4 4. d3 e3 5. Bxe3 Nf6 6. c4 c6 7. dxc6 Nxc6 8. Be2 Bb4+ 9. Nc3 O-O 10. Qd2 Qe7
11. Nf3 Re8 12. Ne5 Nxe5 13. fxe5 Qxe5 14. Kf2 Qf5+ 15. Kg1 Qe5 16. Kf2 Bg4 17. Bf3 Rad8 18. Rae1 Qf5
0-1

[Event "Bird for Masternorm (1800+)"]
[Site "SchemingMind.com"]
[Date "2019.09.08"]
[Round "-"]
[White "Robert Bruce"]
[Black "Mihir Chandrashekhar"]
[Result "1-0"]
[WhiteCountry "SCO"]
[BlackCountry "IND"]
[WhiteElo "2406"]
[WhiteRD "65"]
[BlackElo "1862"]
[BlackRD "51"]
[GameID "445449"]

1. f4 e5 2. e4 exf4 3. Nf3 Be7 4. Bc4 Nf6 5. e5 Ng4 6. d4 d5 7. exd6 Bxd6 8. Qe2+ Qe7 9. Qxe7+ Kxe7 10. O-O Bf5
11. Re1+ Kf6 12. Nc3 c6 13. Nh4 g5 14. Nxf5 Kxf5 15. Bd3+
1-0

[Event "Bird for Masternorm (1800+)"]
[Site "SchemingMind.com"]
[Date "2019.09.08"]
[Round "-"]
[White "Mihir Chandrashekhar"]
[Black "Robert Bruce"]
[Result "0-1"]
[WhiteCountry "IND"]
[BlackCountry "SCO"]
[WhiteElo "1862"]
[WhiteRD "51"]
[BlackElo "2406"]
[BlackRD "65"]
[GameID "445450"]

1. f4 e5 2. fxe5 Nc6 3. Nf3 g5 4. h3 d6 5. e4 dxe5 6. Bb5 Qd6 7. Bxc6+ Qxc6 8. d3 f6 9. Nc3 Bb4 10. Bd2 Be6
11. a3 Bd6 12. Bxg5 fxg5 13. Nxg5 Qd7
0-1

[Event "Bird for Masternorm (1800+)"]
[Site "SchemingMind.com"]
[Date "2019.09.08"]
[Round "-"]
[White "Robert Bruce"]
[Black "Matthew Bailey"]
[Result "1/2-1/2"]
[WhiteCountry "SCO"]
[BlackCountry "ENG"]
[WhiteElo "2441"]
[WhiteRD "74"]
[BlackElo "2279"]
[BlackRD "59"]
[GameID "445451"]

1. f4 e5 2. c4 exf4 3. Nf3 d5 4. d4 dxc4 5. Nc3 Nf6 6. e4 fxe3 7. Bxc4 Nc6 8. Bxe3 Bd6 9. O-O O-O 10. Qd2 Be6
11. d5 Na5 12. Bd3 Bxd5 13. Nxd5 Nxd5 14. Bxh7+ Kxh7 15. Ng5+ Kg8 16. Qc2 Bxh2+ 17. Kh1 g6 18. Rxf7 Rxf7 19. Qxg6+ Rg7 20. Qe6+ Kh8
21. Qh6+ Kg8 22. Qe6+ Kh8 23. Qh3+ Kg8 24. Qe6+ Kh8
1/2-1/2

[Event "Bird for Masternorm (1800+)"]
[Site "SchemingMind.com"]
[Date "2019.09.08"]
[Round "-"]
[White "Matthew Bailey"]
[Black "Robert Bruce"]
[Result "1/2-1/2"]
[WhiteCountry "ENG"]
[BlackCountry "SCO"]
[WhiteElo "2303"]
[WhiteRD "62"]
[BlackElo "2443"]
[BlackRD "66"]
[GameID "445452"]

1. f4 e5 2. fxe5 Nc6 3. Nf3 g5 4. h3 d6 5. d4 dxe5 6. d5 e4 7. Nxg5 Nb4 8. Nc3 Bf5 9. a3 Bd6 10. Qd2 Bg3+
11. Kd1 Nxd5 12. Nxd5 c6 13. Nb4 h6 14. Nxe4 Bxe4 15. Qxd8+ Rxd8+ 16. Nd3 b6 17. Bd2 Ne7 18. a4 c5 19. b3 a5 20. Kc1 Nd5
21. Kb2 h5 22. h4 Rg8 23. Rd1 Ke7 24. Kc1 Nb4 25. Rh3 f6 26. Be1 Bxe1 27. Rxe1 f5 28. Rd1 f4 29. Rd2 Bxg2 30. Bxg2 Rxg2
31. Ne1 Rxd2 32. Nxg2 Rxc2+ 33. Kd1 c4 34. Nxf4 cxb3 35. Rxb3 Rc4 36. Nxh5 Rxh4 37. Re3+ Kd6 38. Nf6 Na6 39. Ne4+ Kc6 40. Kd2 Rf4
41. Kd1 Rg4 42. Rc3+ Nc5 43. Nxc5 bxc5 44. Ra3 Re4 45. Ra1 Rg4 46. Kc2 Kd5 47. Rd1+ Kc4 48. Rb1=
1/2-1/2

[Event "Bird for Masternorm (1800+)"]
[Site "SchemingMind.com"]
[Date "2019.09.08"]
[Round "-"]
[White "Robert Bruce"]
[Black "William Lindberg"]
[Result "0-1"]
[WhiteCountry "SCO"]
[BlackCountry "USA"]
[WhiteElo "2443"]
[WhiteRD "66"]
[BlackElo "2500"]
[BlackRD "63"]
[GameID "445460"]

1. f4 e5 2. d4 exd4 3. Qxd4 Nc6 4. Qf2 Nf6 5. Nc3 d5 6. e3 Ng4 7. Qf3 d4 8. h3 Nge5 9. fxe5 dxc3 10. Bb5 Bd7
11. Qf4 g5 12. Qf3 Qe7 13. Ne2 O-O-O 14. Nxc3 Qxe5 15. Bd3 Bg7 16. a3 Be6 17. Qf2 Nd4 18. Rb1 Nb3 19. O-O Nxc1 20. Rbxc1 h5
21. Rcd1 g4 22. h4 Bh6 23. Rde1 Kb8 24. g3 c5 25. Kg2 a6 26. Kh2 Rhe8 27. a4 Re7 28. Re2 Bg7 29. Qf4 Red7 30. a5 Ka7
31. Kg2 c4 32. Qxe5 Bxe5 33. Be4 b6 34. axb6+ Kxb6 35. Kf2 Bxc3 36. bxc3 Rd1 37. Ree1 R8d2+ 38. Kg1 Rxe1 39. Rxe1 f5 40. Bg2 Rxc2
41. Rd1 Kc5 42. Ra1 Rxc3 43. Rxa6 Rc1+ 44. Kf2 Bd7 45. Ra7 Rc2+ 46. Kg1 Bc6 47. Bxc6 Kxc6 48. Kf1 c3 49. Ke1 Rg2 50. Kd1 Kd5
51. Rc7 Rxg3 52. Rxc3 f4 53. Kd2 Rxe3 54. Rc1 Ke4 55. Rc4+ Kf3 56. Rc1 g3 57. Rf1+ Kg4 58. Ra1 g2 59. Rd1 Kg3 60. Rc1 Kf2
61. Kc2 Re1 62. Kb2 Rxc1 63. Kxc1 Ke2
0-1

[Event "Bird for Masternorm (1800+)"]
[Site "SchemingMind.com"]
[Date "2019.09.08"]
[Round "-"]
[White "William Lindberg"]
[Black "Robert Bruce"]
[Result "1-0"]
[WhiteCountry "USA"]
[BlackCountry "SCO"]
[WhiteElo "2537"]
[WhiteRD "63"]
[BlackElo "2406"]
[BlackRD "65"]
[GameID "445461"]

1. f4 e5 2. fxe5 Nc6 3. Nf3 g5 4. h3 d6 5. d4 dxe5 6. d5 e4 7. dxc6 Bd6 8. Qd4 exf3 9. Be3 Nf6 10. gxf3 Bg3+
11. Kd1 Qe7 12. Bxg5 Be5 13. cxb7 Bxb7 14. Qa4+ c6 15. Nd2 Rg8 16. Bxf6 Qxf6 17. c3 O-O-O 18. Kc2 c5 19. h4 Kb8 20. Rd1 Qg6+
21. e4 Bf4 22. Qc4 Qd6 23. Qe2 Qc6 24. b3 Rg3 25. Qf2 Qg6 26. h5 Qd6 27. Rg1 Rxg1 28. Qxg1 Qh6 29. Qxc5 Bxd2 30. Qe5+ Rd6
31. Qe8+ Kc7 32. e5 Rd8 33. Qe7+ Rd7 34. Qc5+ Kb8 35. Qb5 Kc7 36. Qc5+ Kb8 37. e6 fxe6 38. Qe5+ Kc8 39. Bc4 Kd8 40. Bxe6 Bxf3
41. Bxd7 Bxd1+ 42. Kxd1 Kxd7 43. Qd4+ Kc7 44. Qxd2 Qxh5+ 45. Kc2 Qf5+ 46. Qd3 Qf2+ 47. Kb1 Qh2 48. Qd4 Kb8 49. Qd8+ Kb7 50. Qd7+ Kb8
51. Qd8+ Kb7 52. Qd5+ Kc7 53. Qc4+ Kb8 54. Qb4+ Kc8 55. Qc5+ Kb8 56. Qb4+ Kc7 57. Qe7+ Kc8 58. Qe8+ Kb7 59. Qe4+ Kb8 60. Qe8+ Kb7
61. Qb5+ Kc8 62. a4 Qh1+ 63. Ka2 h5 64. Qf5+ Kb8 65. Qb5+ Kc8 66. Qc5+ Kb7 67. Qe7+ Kc8 68. Qxa7 h4 69. Qc5+ Kd7 70. Qd4+ Kc7
71. Qg7+ Kb8 72. Qf8+ Kc7 73. Qe7+ Kc6 74. b4 h3 75. b5+ Kb6 76. Qd6+ Ka7 77. Qc5+ Kb8 78. b6 Qb7 79. Qe5+ Ka8 80. Qh8+ Qb8
81. Qxh3 Qxb6 82. Qc8+ Ka7 83. Qd7+ Ka6 84. Qc8+ Ka7 85. Qc4 Qg6 86. Qc5+ Ka6 87. Qb5+ Ka7 88. Qc5+ Ka6 89. Qb5+ Ka7 90. Ka3 Qc2
91. Qd7+ Kb6 92. Qe6+ Ka7 93. Qe7+ Ka8 94. Qf8+ Kb7 95. Qc5 Ka6 96. Qc6+ Ka7 97. Qd7+ Ka6 98. Qb5+ Ka7 99. Qc5+ Ka8 100. Kb4 Qh2
101. Qc6+ Ka7 102. Qd7+ Ka6 103. Qe6+ Kb7 104. a5 Kb8 105. Qd5 Ka7 106. c4 Qb8+ 107. Qb5 Qxb5+ 108. cxb5 Kb8 109. b6 Kb7 110. Kb5 Kb8
111. Kc6 Kc8 112. b7+ Kb8 113. a6 Ka7 114. Kc7 Kxa6 115. b8=Q Ka5 116. Qb3 Ka6 117. Qa4#
1-0

[Event "Bird for Masternorm (1800+)"]
[Site "SchemingMind.com"]
[Date "2019.09.03"]
[Round "-"]
[White "William Lindberg"]
[Black "flyinduck"]
[Result "1-0"]
[WhiteCountry "USA"]
[BlackCountry "CAN"]
[WhiteElo "2500"]
[WhiteRD "63"]
[BlackElo "2024"]
[BlackRD "70"]
[GameID "445462"]

1. f4 e5 2. d3 exf4 3. Bxf4 d5 4. e4 dxe4 5. dxe4 Qxd1+ 6. Kxd1 c6 7. Nd2 Bg4+ 8. Ngf3 Nd7 9. c3 O-O-O 10. Kc2 Nc5
11. b4 Ne6 12. Be3 Kb8 13. h3 Bh5 14. Bc4 Nf6 15. Raf1 Be7 16. g4 Bg6 17. Ne5 Nxe4 18. Nxg6 Nxd2 19. Bxd2 hxg6 20. Rxf7 Bg5
21. Be1 Rhe8 22. Bg3+ Ka8 23. Re1 Nf8 24. Rxe8 Rxe8 25. Rxg7 b5 26. Bd3 Re6 27. Rc7 Rf6 28. Rc8+ Kb7 29. Rb8+
1-0

[Event "Bird for Masternorm (1800+)"]
[Site "SchemingMind.com"]
[Date "2019.09.04"]
[Round "-"]
[White "flyinduck"]
[Black "William Lindberg"]
[Result "0-1"]
[WhiteCountry "CAN"]
[BlackCountry "USA"]
[WhiteElo "2036"]
[WhiteRD "68"]
[BlackElo "2479"]
[BlackRD "65"]
[GameID "445463"]

1. f4 e5 2. e4 exf4 3. Nf3 g5 4. Nc3 Nc6 5. g3 g4 6. Nh4 f3 7. d4 d6 8. Be3 Nf6 9. Qd2 d5 10. exd5 Nxd5
11. Nxd5 Qxd5 12. Kf2 Be7 13. c4 Qh5 14. Re1 O-O 15. Bd3 Bxh4 16. gxh4 Qxh4+ 17. Kg1 g3
0-1

[Event "Bird for Masternorm (1800+)"]
[Site "SchemingMind.com"]
[Date "2019.09.03"]
[Round "-"]
[White "William Lindberg"]
[Black "Robert Hatfield"]
[Result "1-0"]
[WhiteCountry "USA"]
[BlackCountry "USA"]
[WhiteElo "2479"]
[WhiteRD "65"]
[BlackElo "1930"]
[BlackRD "70"]
[GameID "445464"]

1. f4 e5 2. e4 d5 3. exd5 c6 4. Qe2 cxd5 5. fxe5 Nc6 6. Nf3 d4 7. Qf2 Bc5 8. Bc4 Qe7 9. Qg3 g6 10. d3 Be6
11. Bg5 Qd7 12. Bxe6 Qxe6 13. O-O h6 14. Nbd2 Be7 15. Bxe7 Ngxe7 16. Rae1 O-O-O 17. Nc4 Nf5 18. Qf4 Rdf8 19. g4 Nfe7 20. Nxd4
1-0

[Event "Bird for Masternorm (1800+)"]
[Site "SchemingMind.com"]
[Date "2019.09.04"]
[Round "-"]
[White "Robert Hatfield"]
[Black "William Lindberg"]
[Result "0-1"]
[WhiteCountry "USA"]
[BlackCountry "USA"]
[WhiteElo "1930"]
[WhiteRD "70"]
[BlackElo "2479"]
[BlackRD "65"]
[GameID "445465"]

1. f4 e5 2. fxe5 d6 3. exd6 Bxd6 4. Nf3 Nf6 5. Nc3 O-O 6. e3 a6 7. b3 Re8 8. Bb2 Nc6 9. Qe2 b5 10. O-O-O Ne4
11. g3 Nxc3 12. Bxc3 Nb4 13. Kb1 Ra7 14. Bg2 c5 15. a3 Nd5 16. Bb2 Rc7 17. Nh4 Nf6 18. Rdf1 Be5 19. Bxe5 Rxe5 20. Nf3 Re8
21. h4 c4 22. b4 a5 23. Kb2 Bg4 24. Bh3 axb4 25. axb4 Bxf3 26. Rxf3 Ne4 27. Rd1 Ra7
0-1

[Event "Bird for Masternorm (1800+)"]
[Site "SchemingMind.com"]
[Date "2019.09.07"]
[Round "-"]
[White "William Lindberg"]
[Black "Mihir Chandrashekhar"]
[Result "1-0"]
[WhiteCountry "USA"]
[BlackCountry "IND"]
[WhiteElo "2537"]
[WhiteRD "63"]
[BlackElo "1862"]
[BlackRD "51"]
[GameID "445468"]

1. f4 e5 2. d3 exf4 3. Bxf4 d5 4. e4 dxe4 5. dxe4 Qxd1+ 6. Kxd1 Nf6 7. Bd3 c6 8. Nf3 Bg4 9. Rf1 Nbd7 10. h3 Bxf3+
11. Rxf3 Bc5 12. c3 O-O 13. Kc2 Rfe8 14. Nd2 Ne5 15. Bxe5 Rxe5 16. Rf5 Rxf5 17. exf5 Re8 18. a4 Nd5 19. Ne4 Bf8 20. g4 h5
21. Kd2 Nf4 22. Rf1 Nxd3 23. Kxd3 Rd8+ 24. Ke3 hxg4 25. hxg4 f6 26. a5 Bd6 27. Rh1 b6 28. axb6 axb6 29. Ra1 Bh2 30. Ra6 Bg1+
31. Kf3 Kf7 32. Ra7+ Kf8 33. g5 b5 34. Rb7 Rd3+ 35. Kg4 Re3 36. Nc5 Re7 37. Ne6+ Kf7 38. g6+
1-0

[Event "Bird for Masternorm (1800+)"]
[Site "SchemingMind.com"]
[Date "2019.09.04"]
[Round "-"]
[White "Mihir Chandrashekhar"]
[Black "William Lindberg"]
[Result "0-1"]
[WhiteCountry "IND"]
[BlackCountry "USA"]
[WhiteElo "1994"]
[WhiteRD "58"]
[BlackElo "2500"]
[BlackRD "63"]
[GameID "445469"]

1. f4 e5 2. fxe5 d6 3. exd6 Bxd6 4. Nf3 Nf6 5. e3 O-O 6. Be2 c5 7. b3 a6 8. Bb2 b5 9. a4 b4 10. d3 Ng4
11. Qd2 Qc7 12. e4 Bf4
0-1

[Event "Bird for Masternorm (1800+)"]
[Site "SchemingMind.com"]
[Date "2019.09.03"]
[Round "-"]
[White "William Lindberg"]
[Black "Matthew Bailey"]
[Result "1-0"]
[WhiteCountry "USA"]
[BlackCountry "ENG"]
[WhiteElo "2479"]
[WhiteRD "65"]
[BlackElo "2279"]
[BlackRD "59"]
[GameID "445470"]

1. f4 e5 2. fxe5 d6 3. Nf3 dxe5 4. Nxe5 Nf6 5. Nc3 Bd6 6. Nc4 Bg4 7. Nxd6+ Qxd6 8. d3 Nc6 9. Qd2 O-O 10. Qf4 Rad8
11. Qxd6 cxd6 12. Bg5 d5 13. h3 Bc8 14. g4 d4 15. Bxf6 gxf6 16. Ne4 f5 17. gxf5 Bxf5 18. Bg2 b6 19. a4 Kh8 20. Rf1 Nb4
21. Kd2 Bg6 22. a5 Nd5 23. Bh1 Ne3 24. Rf4 Rfe8 25. axb6 axb6 26. Ng5 Re7 27. h4 Rc7 28. Rc1 Re7 29. Nf3 Nf5 30. Rg1 Rd5
31. Rgg4 h5 32. Rg5 Rb5 33. b3 Kg7 34. Rg1 Rd7 35. Bg2 Kf8 36. Bh3 Ke7 37. Re4+ Kf8 38. Rg5 Rdd5 39. Bxf5 Rxf5 40. Rxf5 Rxf5
41. Nxd4 Ra5 42. b4 Ra1 43. Re5 Rh1 44. Nf3 Ra1 45. Rb5 Ra6 46. Ne5
1-0

[Event "Bird for Masternorm (1800+)"]
[Site "SchemingMind.com"]
[Date "2019.09.04"]
[Round "-"]
[White "Matthew Bailey"]
[Black "William Lindberg"]
[Result "1/2-1/2"]
[WhiteCountry "ENG"]
[BlackCountry "USA"]
[WhiteElo "2303"]
[WhiteRD "62"]
[BlackElo "2500"]
[BlackRD "63"]
[GameID "445471"]

1. f4 e5 2. fxe5 d6 3. exd6 Bxd6 4. Nf3 Nf6 5. Nc3 O-O 6. d3 Ng4 7. g3 Nc6 8. Ne4 Bf5 9. Nxd6 Qxd6 10. e4 Qc5
11. d4 Qa5+ 12. c3 Bxe4 13. Be2 Ne7 14. h3 Nf6 15. O-O Nf5 16. Qe1 Rae8 17. Qf2 Bd5 18. Ne5 Nd6 19. Bd3 Nde4 20. Qe3 c5
21. b4 cxd4 22. cxd4 Qa4 23. Bd2 Re6 24. Rf4 Qa3 25. Be1 Rc8 26. g4 g6 27. h4 Nd6 28. Bd2 Bc4 29. Bxc4 Qxe3+ 30. Bxe3 Nxc4
31. Rc1 b5 32. Rf3 Nd5 33. Bh6 f6 34. Nd7 Rce8 35. Rcf1 Re4 36. Nxf6+ Nxf6 37. Rxf6 Rxg4+ 38. Kf2 Rxh4 39. Re1 Rc8 40. Bf4 Nb6
41. Kg3 Rh5 42. Rc1 Rd8 43. Rc5 Rxd4 44. Rxh5 gxh5 45. Bh6 Nd7 46. Ra6 Rxb4 47. Rxa7 Rg4+ 48. Kh3 Nf6 49. Rb7 b4 50. a4 bxa3
51. Ra7 a2 52. Rxa2 Kf7 53. Ra7+ Kg6 54. Ra6 Rg1 55. Be3 Rd1 56. Kh4 Rf1 57. Kg3 Kf5 58. Ra5+ Kg6 59. Ra6 Kf5 60. Ra5+ Kg6
61. Ra6
1/2-1/2